| 000 | 00325nam a22001217a 4500 | ||
|---|---|---|---|
| 020 | _a0-201-00029-6 | ||
| 082 | _a005.1 AHO'D | ||
| 100 |
_aAHON, A.V, ULLMAN, J.D, HOPCROFT, J.E _967511 |
||
| 245 | _aTHE DESIGN AND ANALYSIS OF COMPUTER ALOGRITHMS | ||
| 260 |
_aLONDON _bADDISON WESLLEY _c1974 |
||
| 300 | _a470P | ||
| 942 | _cBK | ||
| 999 |
_c575274 _d575274 |
||